Botticelli: nelle opere e nella vita del suo tempo
Uloženo v:
| Hlavní autor: | |
|---|---|
| Médium: | Kniha |
| Jazyk: | italština |
| Vydáno: |
Milán
Casa Editrice Ceschina
1955
|
| Témata: | |
| Tagy: |
Přidat tag
Žádné tagy, Buďte první, kdo vytvoří štítek k tomuto záznamu!
|
MARC
| LEADER | 00000nam a2200000 a 4500 | ||
|---|---|---|---|
| 001 | UCZ1592 | ||
| 003 | CL-VaPUC | ||
| 008 | 950824e19550000IT |||||||||||||||||ita|d | ||
| 082 | 0 | 4 | |a 759.5 |b PUC |2 21 |
| 100 | 0 | |a Pucci, Eugenio |e author |9 345206 | |
| 245 | 1 | 0 | |a Botticelli: nelle opere e nella vita del suo tempo |
| 300 | |a 391 p | ||
| 942 | |c BK | ||
| 945 | |d 19950824 00:00:00 |a awong | ||
| 260 | |a Milán |b Casa Editrice Ceschina |c 1955 | ||
| 600 | 0 | 7 | |a BOTTICELLI, SANDRO |2 CL-VaPUC |9 342252 |
| 650 | 7 | |a PINTURA ITALIANA SIGLO 15 |2 CL-VaPUC |9 342338 | |
| 650 | 0 | |a Pintores italianos |9 265277 | |
| 650 | 0 | |a Renacimiento |9 255107 | |
| 651 | 0 | |a Italia |9 254949 | |
| 583 | |a last modification |c 20160810 05:04:34 |k Rodrigo Vera | ||
| 999 | |c 238326 |d 238324 | ||
| 952 | |0 0 |1 0 |4 0 |6 759_500000000000000_PUC_1955 |7 0 |8 A |9 248459 |a BIBART |b BIBART |d 2019-11-18 |i 3128733 |o 759.5 PUC 1955 |p 3128733 |r 2025-03-13 |w 2019-11-18 |y BK |k ART | ||